00417nam a2200145Ia 450000100060000000800410000602000180004704000130006508200180007810000170009624500930011326000470020630000110025354600070026471282160226s9999 xx 000 0 und d a9781472458551 cPK-LaUMT a 711.4bHAR-T aHart, Julian aTowns and citiesbfunction in form urban structures, economics and societycHart, Julian aSurrey,England:bAshgate Publishing,c2015 a180 p. aEN